000 01420nim a2200361 i 4500
001 192953
003 ES-MaREB
005 20240615063033.0
007 sd fsngnnmmned
008 230712s2007 espnn g l spa d
017 _aM 47877-2007
035 _aES-MaREB01010060-4
040 _bspa
_cES-MaACL
080 _a081 Azaña, Manuel
080 _a94(460)"18/19"
100 1 _aAzaña, Manuel,
_d1880-1940
_924223
_eaut
245 1 0 _aDiscurso en el Ayuntamiento de Barcelona pronunciado el 18 de julio de 1938 :
_bPaz, piedad y perdón
_h[Grabación sonora] /
_cManuel Azaña.
246 _aPaz, piedad y perdón
260 _a[Madrid :
_bSociedad Estatal de Conmemoraciones Culturales,
_c2007]
300 _a1 disco (CD-DA) (74 min) +
_eFolleto (22 p.) con la transcripción del discurso
500 _aGrabación original
500 _aCon la colaboración de Radio Nacional de España
600 0 _aAzaña, Manuel,
_d1880-1940-
_vDiscursos
_9233672
600 1 4 _aAzaña, Manuel,
_d1880-1940
_xPensamiento político
_924227
651 4 _aEspaña-
_xHistoria-
_y1931-1939, II República
_98283
740 3 _aLa voz de Manuel Azaña
852 _aES-MaACL
_jROT 6/3/14
_9203482
_cROT
852 _aES-MaACL
_jROT 2/6/2
_cROT
_9188744
852 _aES-MaACL
_j1964-F-17
_cDEPOF
_9188745
852 _aES-MaACL
_jFOLL.DB-4
_cDES
_9203488
942 _2udc
_cCDROM
_n0
999 _c192953
_d192953